| 000 | 00354nam a2200145Ia 4500 | ||
|---|---|---|---|
| 008 | 221007s9999 xx 000 0 und d | ||
| 041 | _aeng | ||
| 082 | _bPAT | ||
| 100 |
_aPatil R R ( 2k61037) _9101894 |
||
| 245 | 2 | _aA Projet Report on Payroll System | |
| 260 |
_c2008 _bPune University _aPune |
||
| 300 | _a81p | ||
| 520 | _aLone H | ||
| 906 | _bGeneral | ||
| 999 |
_c69049 _d69049 |
||